书目信息 |
| 题名: |
发育生长衰老
|
|
| 作者: | 卡特 , Carter 主编 ;孙耘田 译 | |
| 分册: | ||
| 出版信息: | 北京 人民卫生出版社 1983 |
|
| 页数: | 176页 | |
| 开本: | 19cm | |
| 丛书名: | ||
| 单 册: | ||
| 中图分类: | R339.3 | |
| 科图分类: | ||
| 主题词: | 人体生理学 | |
| 电子资源: | ||
| ISBN: | ||
| 000 | 00835nam0 2200289 45 | |
| 001 | 0183006458 | |
| 005 | 20040520144039.9 | |
| 010 | @dCNY0.60 | |
| 091 | @a14048.4338 | |
| 100 | @a19950621d1983 em y0chiy0121 ea | |
| 101 | 1 | @achi@ceng |
| 102 | @aCN@b110000 | |
| 105 | @ay z 000yy | |
| 106 | @ar | |
| 200 | 10 | @a发育生长衰老@Afa yu sheng zhang shuan lao@f(英)卡特(N.D.Carter)主编@g孙耘田等译 |
| 210 | @a北京@c人民卫生出版社@d1983 | |
| 215 | @a176页@d19cm | |
| 300 | @a书名原文:Development,growth and ageing. | |
| 510 | 1 | @aDevelopment,growth and ageing.@zeng |
| 606 | 0 | @a人体生理学 |
| 690 | @aR339.3 | |
| 701 | 1 | @a卡特@Aka te@bN.D.@4主编 |
| 701 | A1 | @aCarter@bN.D.@4主编 |
| 702 | 0 | @a孙耘田@Asun yun tian@4译 |
| 801 | 0 | @aCN@b上海图书馆@c20040520 |
| 801 | 2 | @aCN@bNLC@c20040520 |
| 905 | @f1@b88205@dR339.3@e11 | |
| 发育生长衰老/(英)卡特(N.D.Carter)主编/孙耘田等译.-北京:人民卫生出版社,1983 |
| 176页;19cm |
| 书名原文:Development,growth and ageing. |
| ISBN :CNY0.60 |
| ● |
| 相关链接 |
|
|
|
|
正题名:发育生长衰老
索取号:R339.3/11
 
预约/预借
| 序号 | 登录号 | 条形码 | 馆藏地/架位号 | 状态 | 备注 |
| 1 | 0088205 | 000708960 | 密集书库/ [索取号:R339.3/11] | 在馆 | |
| 2 | 0088206 | 000708041 | 第二样本阅览室/ [索取号:R339.3/11] | 在馆 |